[Event "Ch Arabic Countries"]
[Site "masterchessopen.com Tunisia"]
[Round "8"]
[White "Ben Nasser Khaled (LBA)"]
[Black "Al Sulaiti Ali (BRN)"]
[Result "1-0"]
[WhiteElo "2252"]
[BlackElo "2188"]

1.Nf3 Nf6 2.d4 g6 3.g3 Bg7 4.Bg2 d6 5.O-O O-O 6.c4 Nbd7 7.Nc3 e5 8.e4 c6 9.h3
Qb6 10.c5 dxc5 11.dxe5 Ne8 12.e6 fxe6 13.Ng5 Ne5 14.Na4 Qb4 15.f4 Nf7 16.Nxf7
Rxf7 17.e5 Rd7 18.Qc2 Qd4+ 19.Kh2 Bf8 20.Re1 c4 21.Be4 Bc5 22.Be3 Qxe3 23.Rxe3
Bxe3 24.Rd1 Nc7 25.Rxd7 Bxd7 26.Qxc4 Nd5 27.Qd3 Bb6 28.h4 {#r} 1-0

[Event "Ch Romania (juniors) (under 18) (1/2 final)"]
[Site "masterchessopen.com Eforie Nord (Romania)"]
[Round "0"]
[White "Bodnar Ovidiu (ROM)"]
[Black "Ionesi Cristian (ROM)"]
[Result "1-0"]
[WhiteElo "2179"]
[BlackElo "2146"]

1.d4 Nf6 2.c4 g6 3.Nf3 Bg7 4.g3 d6 5.Bg2 O-O 6.O-O Nbd7 7.Nc3 e5 8.e4 c6 9.h3
Qb6 10.d5 Nc5 11.Re1 cxd5 12.cxd5 Bd7 13.Rb1 Qb4 14.a3 Qb3 15.Qe2 Rfc8 16.Nd2
Qc2 17.Bf1 Ne8 18.Qe3 f5 19.b3 Nxe4 20.Ndxe4 fxe4 21.Bd2 Rxc3 22.Bxc3 Bh6
23.Qxh6 Qxc3 24.Qe3 Qxe3 25.Rxe3 Nf6 26.Rc1 Kf8 27.Bg2 Nxd5 28.Rxe4 Nf6 29.Re3
Rb8 30.Rc7 {#r} 1-0

[Event "Ch Schleswig Holstein"]
[Site "masterchessopen.com Neumuenster (Germany)"]
[Round "7"]
[White "Buermann Jan (GER)"]
[Black "Pedersen Torsten"]
[Result "1-0"]
[WhiteElo "2168"]
[BlackElo "1902"]

1.d4 Nf6 2.c4 g6 3.Nc3 Bg7 4.Nf3 d6 5.g3 O-O 6.Bg2 Nbd7 7.O-O c6 8.e4 e5 9.h3
a5 10.b3 Qb6 11.Be3 Qc7 12.Qd2 exd4 13.Nxd4 Nc5 14.Bh6 Re8 15.Bxg7 Kxg7
16.Rfe1 Ne6 17.Nf5+ gxf5 18.exf5 Kh8 19.fxe6 fxe6 20.Rad1 Rd8 21.Qd4 Qg7
22.Na4 c5 23.Nxc5 e5 24.Rxe5 Bg4 25.hxg4 Ng8 26.Rd5 Qxd4 27.R5xd4 {#r} 1-0

[Event "It (open)"]
[Site "masterchessopen.com Crema (Italy)"]
[Date "2001.09.07"]
[Round "1"]
[White "Bison Beniamino (ITA)"]
[Black "Gozzini Giambattista (ITA)"]
[Result "1-0"]
[WhiteElo "2175"]
[BlackElo "1874"]

1.d4 Nf6 2.c4 g6 3.g3 Bg7 4.Bg2 d6 5.Nf3 O-O 6.O-O c6 7.Nc3 Nbd7 8.e4 e5 9.h3
Re8 10.Re1 Qe7 11.Be3 a6 12.Qc2 Rb8 13.Rac1 exd4 14.Nxd4 Ne5 15.b3 c5 16.Nde2
h6 17.Nf4 Be6 18.Rcd1 g5 19.Nfd5 Bxd5 20.Nxd5 Nxd5 21.Rxd5 Nc6 22.Qd1 Nd4
23.f4 Rbd8 24.fxg5 hxg5 25.Bxg5 Bf6 26.Qg4 {#r} 1-0

[Event "Ch Turkey"]
[Site "masterchessopen.com Ankara (Turkey)"]
[Round "6"]
[White "Ozyilmaz Arif (TUR)"]
[Black "Valensi Berti (TUR)"]
[Result "0-1"]
[WhiteElo "2118"]
[BlackElo "2154"]

1.d4 Nf6 2.c4 d6 3.Nc3 e5 4.Nf3 Nbd7 5.g3 g6 6.Bg2 Bg7 7.O-O O-O 8.h3 c6 9.e4
Qa5 10.c5 dxc5 11.dxe5 Ne8 12.Kh2 Nc7 13.Ne1 Bxe5 14.f4 Bd4 15.Nf3 Nb5 16.Ne2
Bg7 17.e5 Rd8 18.Qe1 Nf8 19.Bd2 {#R} 0-1

[Event "Memorial Nestor Roldan (juniors) (under 18)"]
[Site "masterchessopen.com Arequipa (Peru)"]
[Round "9"]
[White "Condori Edwin (PER)"]
[Black "Mesias Rabindranath (CHI)"]
[Result "1-0"]
[WhiteElo "2146"]
[BlackElo "2168"]

1.d4 Nf6 2.c4 g6 3.Nf3 Bg7 4.g3 O-O 5.Bg2 d6 6.Nc3 Nbd7 7.O-O c6 8.h3 e5 9.e4
Re8 10.dxe5 dxe5 11.Be3 Qc7 12.Qe2 Nf8 13.b4 Ne6 14.Rac1 Nd7 15.Rfd1 Kh8 16.c5
Bf8 17.a3 Be7 18.Nd5 cxd5 19.exd5 Ng7 20.d6 Qd8 21.dxe7 Qxe7 22.Nd2 Nf5 23.Nc4
Nxe3 24.Qxe3 Rb8 25.Nd6 Rf8 26.c6 bxc6 27.Qxa7 Rd8 28.Rxc6 {#r} 1-0

[Event "Ch Spain (open)"]
[Site "masterchessopen.com Ayamonte (Spain)"]
[Round "7"]
[White "Diez Gonzalez Pedro (ESP)"]
[Black "Villar Nieves Antonio (ESP)"]
[Result "1-0"]
[WhiteElo "2300"]
[BlackElo "2048"]

1.c4 Nf6 2.g3 g6 3.Bg2 Bg7 4.Nc3 d6 5.d4 Nbd7 6.Nf3 O-O 7.O-O c6 8.e4 e5 9.h3
Re8 10.Be3 Qe7 11.Qc2 b6 12.Rfe1 Bb7 13.Rad1 Nf8 14.dxe5 dxe5 15.c5 N6d7
16.cxb6 axb6 17.a3 Ne6 18.h4 c5 19.Nd5 Qd8 20.Nxb6 Qxb6 21.Rxd7 Nd4 22.Qc4 Rf8
23.Ng5 Ba6 24.Qd5 Ra7 25.Rxa7 Qxa7 26.Bxd4 exd4 27.e5 Re8 28.e6 fxe6 29.Rxe6
{#r} 1-0

[Event "Ch Hessen (b)"]
[Site "masterchessopen.com Bruchkoebel (Germany)"]
[Round "3"]
[White "Stockmann Michael (GER)"]
[Black "Fontana Alexander (GER)"]
[Result "1-0"]
[WhiteElo "2182"]
[BlackElo "2147"]

1.d4 Nf6 2.Nf3 g6 3.g3 Bg7 4.c4 O-O 5.Bg2 d6 6.O-O c6 7.Nc3 Nbd7 8.h3 e5 9.e4
Re8 10.Re1 Qb6 11.b3 exd4 12.Na4 Qa5 13.Nxd4 Nc5 14.Bd2 Qa6 15.Nxc5 dxc5
16.Nc2 Be6 17.Bc3 Rad8 18.Qf3 Nd7 19.Bxg7 Kxg7 20.Qc3+ Kg8 21.f4 Nf8 22.g4 b5
23.f5 Bc8 24.Bf1 Qb6 25.Qe3 Re5 26.Rad1 Rde8 27.Qh6 Rxe4 28.f6 {#r} 1-0

[Event "It (cat.9)"]
[Site "masterchessopen.com Budapest (Hungary)"]
[Round "6"]
[White "Czebe Attila (HUN)"]
[Black "Rajlich Vasik G (USA)"]
[Result "1-0"]
[WhiteElo "2466"]
[BlackElo "2244"]

1.d4 Nf6 2.c4 g6 3.g3 Bg7 4.Bg2 O-O 5.Nc3 d6 6.Nf3 Nbd7 7.O-O e5 8.h3 c6 9.e4
Qb6 10.Re1 exd4 11.Nxd4 Ne8 12.Nb3 a5 13.Na4 Qb4 14.Nd2 Nc5 15.Nxc5 dxc5 16.a3
Qb6 17.e5 Nc7 18.Ne4 Bxe5 19.Bh6 Bf5 20.Bxf8 Rxf8 21.Nd6 Bxd6 22.Qxd6 Ne6
23.g4 Bc2 24.Rxe6 fxe6 25.Qxe6+ Rf7 26.Bd5 {#r} 1-0

[Event "Ch Arabic Countries"]
[Site "masterchessopen.com Casablanca (Morocco)"]
[Round "8"]
[White "Asabri Hussien (LBA)"]
[Black "Al Sulaiti Ali (BRN)"]
[Result "1-0"]
[WhiteElo "2306"]
[BlackElo "2162"]

1.d4 Nf6 2.Nf3 g6 3.g3 Bg7 4.Bg2 d6 5.O-O O-O 6.c4 Nbd7 7.Nc3 c6 8.e4 e5 9.h3
exd4 10.Nxd4 Re8 11.Be3 Nc5 12.Qc2 Qe7 13.Rfe1 Bd7 14.Bf4 Nh5 15.Be3 Nf6
16.Nb3 Ne6 17.Rad1 Red8 18.f4 Nc7 19.Bf2 Nfe8 20.Kh2 Qf8 21.c5 Na6 22.cxd6
Nxd6 23.Nc5 Nc7 24.Nxd7 {#r} 1-0

[Event "Ch Czech Republic (juniors) (under 16)"]
[Site "masterchessopen.com Frymburk (Czech Republic)"]
[Round "6"]
[White "Bernasek Jan (CZE)"]
[Black "Simek Petr (CZE)"]
[Result "1-0"]
[WhiteElo "2422"]
[BlackElo "2138"]

1.d4 Nf6 2.c4 g6 3.Nf3 Bg7 4.g3 O-O 5.Bg2 d6 6.O-O Nbd7 7.Nc3 e5 8.e4 c6 9.h3
Qb6 10.c5 dxc5 11.dxe5 Ne8 12.e6 fxe6 13.Ng5 Ne5 14.f4 c4+ 15.Kh2 Nd3 16.e5
Nxb2 17.Bxb2 Qxb2 18.Nce4 Qa3 19.h4 Qe7 20.h5 Bd7 21.hxg6 hxg6 22.Qc2 Bh6
23.Rad1 Qg7 24.Qxc4 Bxg5 25.fxg5 Rxf1 26.Bxf1 Rc8 27.Nf6+ Nxf6 28.gxf6 Qh7+
29.Bh3 Rc7 30.Kg2 {#r} 1-0

[Event "It (open)"]
[Site "masterchessopen.com Leutersdorf (Germany)"]
[Round "5"]
[White "Sandner Gunter (GER)"]
[Black "Pfeufer Lion (GER)"]
[Result "1-0"]
[WhiteElo "2323"]
[BlackElo "2031"]

1.d4 Nf6 2.Nf3 g6 3.g3 Bg7 4.Bg2 d6 5.O-O O-O 6.c4 Nbd7 7.Nc3 e5 8.e4 c6 9.h3
Re8 10.Re1 a5 11.Rb1 exd4 12.Nxd4 Nc5 13.b3 Ne6 14.Nc2 Nd7 15.Bb2 Ndc5 16.Kh2
Ng5 17.f4 Bxc3 18.Bxc3 Ngxe4 19.Ba1 Bf5 20.g4 Qh4 21.Qd4 Qg3+ 22.Kg1 f6
23.gxf5 gxf5 24.Qe3 Qg6 25.Kh2 Kh8 26.Rg1 Qh6 27.Rbe1 Qh4 28.Nd4 Nf2 29.Qxe8+
Rxe8 30.Rxe8+ {#r} 1-0

[Event "It \"]
[Site "masterchessopen.com Moscow (Russia)"]
[Round "3"]
[White "Pantsulaia Levan (GEO)"]
[Black "Ianocichin Victor (MDA)"]
[Result "1-0"]
[WhiteElo "2457"]
[BlackElo "2227"]

1.d4 Nf6 2.c4 g6 3.g3 Bg7 4.Bg2 d6 5.Nf3 O-O 6.O-O Nbd7 7.Nc3 e5 8.e4 c6 9.h3
Qb6 10.c5 dxc5 11.dxe5 Ne8 12.e6 fxe6 13.Ng5 Ne5 14.f4 h6 15.fxe5 Rxf1+
16.Qxf1 hxg5 17.Bxg5 Qxb2 18.Rd1 b6 19.Qf3 Bxe5 20.Rd8 Bb7 21.Rd7 Nd6 22.Bf6
Bd4+ 23.Bxd4 cxd4 24.Qf6 Qc1+ 25.Kh2 Qh6 26.Qxe6+ Kh8 27.Qxd6 dxc3 28.Rxb7 c2
29.Qd4+ {#r} 1-0

[Event "Ch Bosnia & Herzegovina (team)"]
[Site "masterchessopen.com Neum (Bosnia & Herzegovina)"]
[Round "9"]
[White "Blagojevic Dragisa (MNE)"]
[Black "Bejtovic Jasmin (BIH)"]
[Result "1-0"]
[WhiteElo "2535"]
[BlackElo "2307"]

1.d4 Nf6 2.c4 g6 3.Nf3 Bg7 4.g3 O-O 5.Bg2 d6 6.O-O Nbd7 7.Nc3 e5 8.h3 c6 9.e4
Qa5 10.Qc2 exd4 11.Nxd4 Re8 12.Be3 Nc5 13.Rab1 Qc7 14.b4 Ne6 15.Nb3 h5 16.f4
Bh6 17.Qd2 Ng7 18.Rbd1 h4 19.g4 Bxg4 20.hxg4 Nxg4 21.Bd4 Nh5 22.Ne2 d5 23.cxd5
cxd5 24.Rc1 Qd8 25.Bf3 f5 26.exf5 gxf5 27.Qd3 Rxe2 28.Bxe2 Nxf4 29.Rxf4 Bxf4
30.Qxf5 {#r} 1-0

[Event "It (cat.8)"]
[Site "masterchessopen.com Rijeka (Croatia)"]
[Round "6"]
[White "Vasilev Milen (BUL)"]
[Black "Saric Ante (CRO)"]
[Result "1-0"]
[WhiteElo "2440"]
[BlackElo "2350"]

{ Saric Ante (CRO) +1 =0 -0 } 1.d4 g6 2.c4 Nf6 3.Nc3 Bg7 4.Nf3 O-O 5.g3 d6
6.Bg2 Nbd7 7.O-O e5 8.e4 c6 9.h3 Qe7 { ?/= } 10.Be3 Ne8 11.Qc2 ( 11.Qd2 f5
12.Rad1 Nef6 13.exf5 gxf5 14.c5 d5 15.Nxe5 Nxe5 16.dxe5 Ne4 17.Qc2 Bxe5 18.Ne2
Bd7 19.Bf4 Rae8 20.Bxe5 Qxe5 { ...1-0, Van Scheltinga Theo D(2370) - Hartoch
Robert G(2400), Wijk aan Zee 1968 It "Hoogovens" (b) } ) ( 11.Re1 f5 12.dxe5
dxe5 13.Qd2 Nd6 14.Bg5 Qe6 15.exf5 gxf5 16.b3 Nf7 17.Be3 e4 18.Nd4 Qf6 19.f4
exf3 20.Bxf3 Nde5 { ...1-0, Filippov Valerij(2593) - Zhelnin Vladimir V(2462),
Smolensk 2000 Ch Russia (club) } ) 11...f5 12.exf5 gxf5 { +0,83 CAP } (
12...Rxf5 13.Qe2 { -0,24 CAP } ) 13.Rae1 { N } ( 13.dxe5 dxe5 14.Nh4 ( 14.Bg5
Qf7 15.b3 e4 16.Nd2 Nc7 17.Be3 Ne6 18.Rad1 Qh5 19.g4 fxg4 20.hxg4 Qxg4 21.Qxe4
Nf4 22.Bxf4 Rxf4 { ...0-1, Ramesa Davor(2141) - Saric Ante(2394), Pula 2002 Ch
Croatia (juniors) (under 19) } ) 14...e4 15.Rfe1 Ne5 16.Bd4 Qf7 17.Nxe4 fxe4
18.Bxe4 Qh5 19.f4 Nf7 20.Bf2 Bxh3 21.Bf3 Bg4 22.Bxg4 Qxg4 { ...0-1, Cuartas
Carlos(2340) - Rodriguez Gonzales Jesus(2355), Tel Aviv 1964 Olympiad } ) (
13.d5 c5 14.Ng5 Ndf6 15.Ne6 Bxe6 16.dxe6 Qxe6 17.Bxb7 Rb8 18.Bg2 Qxc4 19.Qxf5
Rxb2 20.Rac1 Qf7 21.Rb1 Rxb1 22.Rxb1 Qc4 { ...1-0, Prosch Carsten(2025) -
Doppner Tilo, Germany 1997 Mecklenburg Landesliga } ) 13...Qf7 { } ( 13...Nc7
{ !? } 14.dxe5 dxe5 15.Bf4 Qd6 { } ) 14.d5 h6 15.Nh4 c5 16.f4 e4 17.Nxe4 { } (
17.g4 { !? } 17...Bxc3 18.Qxc3 Ng7 19.gxf5 { } ) 17...fxe4 18.Bxe4 Ndf6 19.Bg6
Qc7 20.g4 Bh8 { ? } ( 20...b5 { ! } 21.g5 bxc4 22.gxf6 Bxf6 { } ) 21.Rf3 Qg7 {
? } ( 21...b5 { !? } 22.g5 bxc4 23.gxh6 Bg7 { } ) 22.Bf2 Nc7 23.Rfe3 Nfxd5
24.cxd5 Nxd5 25.Qb3 c4 26.Qxc4 Qd4 27.Qb3 Bf6 28.R3e2 { } {#r} 1-0

[Event "It (open) \"]
[Site "masterchessopen.com St. Petersburg (Russia)"]
[Round "4"]
[White "Margolin Evgenij (RUS)"]
[Black "Levin Evgeny A (RUS)"]
[Result "1-0"]
[WhiteElo "2248"]
[BlackElo "2170"]

1.Nf3 Nf6 2.c4 g6 3.g3 Bg7 4.Bg2 d6 5.d4 O-O 6.O-O Nbd7 7.Nc3 e5 8.e4 c6 9.h3
a5 10.Be3 exd4 11.Nxd4 Re8 12.Qc2 Nc5 13.Rfd1 Nfd7 14.b3 Qc7 15.Rab1 Ne5 16.f4
Ned7 17.Bf2 Nf8 18.Rd2 h5 19.Rbd1 h4 20.g4 Be6 21.Nde2 Rad8 22.e5 dxe5 23.Rxd8
Rxd8 24.Rxd8 Qxd8 25.Bxc5 exf4 26.Qd1 Qg5 27.Ne4 Qh6 28.g5 Qh5 29.Bxf8 f3
30.Bxg7 fxe2 31.Nf6+ {#r} 1-0

[Event "Ch France (accession)"]
[Site "masterchessopen.com Val d'Isere (France)"]
[Round "5"]
[White "Harovelo Ingmar (FRA)"]
[Black "Bellaiche Anthony (FRA)"]
[Result "0-1"]
[WhiteElo "2235"]
[BlackElo "2427"]

1.d4 Nf6 2.c4 g6 3.Nc3 Bg7 4.g3 O-O 5.Bg2 c6 6.e4 d6 7.Nf3 Nbd7 8.O-O e5 9.h3
exd4 10.Nxd4 Re8 11.Re1 Nc5 12.Qc2 a5 13.Be3 Bd7 14.Rad1 Qe7 15.Bf4 Nh5 16.Nf5
Bxf5 17.Bxd6 Qe6 18.Kh2 Nxe4 19.Nxe4 Nf6 20.f3 Rad8 21.Bf4 Bxe4 22.fxe4 Nh5
23.Bc7 Rd7 24.Bxa5 Be5 25.Re3 Nxg3 26.Rxg3 Bxg3+ {#R} 0-1

[Event "Ch Croatia (w)"]
[Site "masterchessopen.com Zagreb (Croatia)"]
[Round "2"]
[White "Detelic Maja (CRO)"]
[Black "Djeno Snjezana (CRO)"]
[Result "1-0"]
[WhiteElo "1836"]
[BlackElo "2048"]

1.d4 Nf6 2.Nf3 g6 3.g3 Bg7 4.Bg2 O-O 5.O-O d6 6.c4 c6 7.Nc3 Nbd7 8.h3 e5 9.e4
exd4 10.Nxd4 Qb6 11.Nce2 Re8 12.f3 Nh5 13.Kh2 Ne5 14.Qc2 Qc5 15.b3 d5 16.Be3
dxc4 17.Nf5 Qb4 18.Nxg7 Nxg7 19.f4 cxb3 20.axb3 Nd7 21.Bxa7 Qe7 22.e5 Nf5
23.Qc3 Qd8 24.Bxc6 bxc6 25.Qxc6 Rxa7 26.Rxa7 Nb6 27.g4 Ne3 28.Rc1 Qd2 29.Qxe8+
Kg7 30.Rxf7+ Kh6 {#r} 1-0

[Event "It (open)"]
[Site "masterchessopen.com Werther (Germany)"]
[Date "2002.03.22"]
[Round "1"]
[White "Kopylov Mihail (UKR)"]
[Black "Aldag Thomas (GER)"]
[Result "1-0"]
[WhiteElo "2436"]
[BlackElo "2076"]

1.d4 Nf6 2.c4 g6 3.g3 Bg7 4.Bg2 d6 5.Nf3 O-O 6.O-O Nbd7 7.Nc3 c6 8.e4 e5 9.h3
exd4 10.Nxd4 Re8 11.Be3 Ne5 12.b3 a6 13.f4 Ned7 14.Qc2 Nc5 15.Rfe1 Bxh3
16.Bxh3 Nfxe4 17.Nxe4 Nxe4 18.Qg2 c5 19.Ne6 fxe6 20.Qxe4 Bxa1 21.Rxa1 Qf6
22.Rd1 Qe7 23.Bc1 b5 24.Re1 Kf7 25.Bb2 bxc4 26.Qh1 Kf8 27.Rxe6 Qf7 28.Rf6 Qxf6
29.Bxf6 cxb3 30.Qb7 {#r} 1-0

[Event "It (open) \"]
[Site "masterchessopen.com Berlin (Germany)"]
[Date "2002.05.08"]
[Round "1"]
[White "Kalinitschew Sergey (GER)"]
[Black "Exner Roland (GER)"]
[Result "1-0"]
[WhiteElo "2490"]
[BlackElo "1908"]

1.d4 Nf6 2.Nf3 g6 3.c4 Bg7 4.g3 O-O 5.Bg2 d6 6.O-O Nbd7 7.Nc3 e5 8.e4 c6 9.h3
Qb6 10.b3 a5 11.Be3 Qa6 12.Qc2 Re8 13.Rad1 exd4 14.Nxd4 Nc5 15.Rfe1 Bd7
16.Nde2 b5 17.Rxd6 Nb7 18.cxb5 {#r} 1-0

[Event "It (open)"]
[Site "masterchessopen.com Bad Wiessee (Germany)"]
[Date "2002.11.02"]
[Round "8"]
[White "Krueger Rainer (GER)"]
[Black "Niebergall Gerhard (GER)"]
[Result "1-0"]
[WhiteElo "2224"]
[BlackElo "2089"]

1.d4 Nf6 2.Nf3 g6 3.g3 Bg7 4.Bg2 O-O 5.c4 d6 6.O-O Nbd7 7.Nc3 e5 8.h3 c6 9.e4
Qb6 10.dxe5 dxe5 11.Qc2 Qb4 12.b3 Qe7 13.Be3 Nh5 14.Rfe1 f5 15.Bg5 Qf7 16.Rad1
h6 17.Bc1 Nc5 18.Ba3 b6 19.Bxc5 bxc5 20.Rd6 fxe4 21.Nxe4 Bf5 22.Nh4 Qc7
23.Red1 Rad8 24.Qd2 Rxd6 25.Qxd6 Qf7 26.Qxc5 Nf4 27.gxf4 Bxe4 28.Bxe4 Qxf4
29.Nxg6 Qxe4 30.Nxf8 Bxf8 31.Rd8 {#r} 1-0

[Event "Oberliga East A 2002/03"]
[Site "masterchessopen.com Germany"]
[Date "2002.11.17"]
[Round "3"]
[White "Meissner Claudia (GER)"]
[Black "Vieweg Klaus Dr (GER)"]
[Result "1-0"]
[WhiteElo "2130"]
[BlackElo "2099"]

1.d4 Nf6 2.Nf3 g6 3.g3 Bg7 4.Bg2 O-O 5.O-O c6 6.c4 d6 7.Nc3 Nbd7 8.e4 e5 9.h3
Qb6 10.c5 dxc5 11.dxe5 Ne8 12.e6 fxe6 13.Ng5 Ne5 14.f4 c4+ 15.Kh2 Nd3 16.e5
Nc7 17.Nce4 h6 18.Nf3 Nd5 19.Nd6 Nxc1 20.Qxc1 Qc5 21.Nh4 Ne3 22.Nxg6 Nxf1+
23.Qxf1 Bxe5 24.Ne4 Qb4 25.Nxe5 Qxb2 26.Qd1 Rf5 27.Qd8+ Rf8 28.Nf6+ {#r} 1-0

[Event "Ch World (for the Blind)"]
[Site "masterchessopen.com Istanbul (Turkey)"]
[Date "2002.11.21"]
[Round "2"]
[White "Smirnov Sergei (RUS)"]
[Black "Nasobin Alexey (RUS)"]
[Result "1-0"]
[WhiteElo "2282"]
[BlackElo "2103"]

1.c4 Nf6 2.Nf3 g6 3.g3 Bg7 4.Bg2 O-O 5.d4 d6 6.Nc3 Nbd7 7.O-O e5 8.e4 c6 9.h3
Qb6 10.Re1 exd4 11.Nxd4 Ne8 12.Nf3 Nc5 13.Qc2 Qb4 14.Bf1 Be6 15.Bd2 a5 16.b3
Qb6 17.Rab1 Nc7 18.a3 f5 19.Be3 fxe4 20.Ng5 Qa6 21.Ncxe4 Bf5 22.g4 Bxe4
23.Nxe4 Nxe4 24.c5 Nb5 25.Qxe4 Rae8 26.Qg2 a4 27.bxa4 Qxa4 28.Bxb5 cxb5
29.Qd5+ Kh8 30.cxd6 Qc2 31.d7 Re5 {#r} 1-0

[Event "Cup Doeberl"]
[Site "masterchessopen.com Canberra (Australia)"]
[Round "5"]
[White "Froehlich Peter (GER)"]
[Black "Agulto Edgardo (AUS)"]
[Result "1-0"]
[WhiteElo "2390"]
[BlackElo "2174"]

1.d4 Nf6 2.Nf3 d6 3.g3 g6 4.Bg2 Bg7 5.O-O O-O 6.c4 c6 7.Nc3 Nbd7 8.e4 e5 9.h3
Re8 10.Be3 a5 11.Qc2 Rb8 12.Rad1 b5 13.c5 b4 14.Na4 Nxe4 15.cxd6 f5 16.Nxe5
Nxe5 17.dxe5 Be6 18.d7 Re7 19.Qxc6 Bxd7 20.Qd5+ Kh8 21.Bxe4 Qe8 22.Nc5 Bb5
23.Bd3 Rxe5 24.Bxb5 Rxb5 25.Qd8 Rb8 26.Qxe8+ Rexe8 27.b3 Rbc8 28.Rd5 {#r} 1-0

[Event "Czech League 2002/03 (2nd) (a)"]
[Site "masterchessopen.com Czech Republic"]
[Round "0"]
[White "Gregor Jiri (CZE)"]
[Black "Trojacek Otakar (CZE)"]
[Result "1-0"]
[WhiteElo "1647"]
[BlackElo "2171"]

1.d4 Nf6 2.Nf3 g6 3.c4 Bg7 4.g3 d6 5.Bg2 O-O 6.Nc3 c6 7.O-O Nbd7 8.e4 e5 9.h3
Qb6 10.b3 exd4 11.Na4 Qa6 12.Nxd4 Nc5 13.Nc3 Re8 14.Re1 Qa5 15.Bb2 d5 16.cxd5
cxd5 17.e5 Nfe4 18.Nxd5 Qd8 19.Nb5 Bxe5 20.Bxe5 Rxe5 21.Ndc7 Qf6 22.Qd4 Ne6
23.Nxe6 Rxb5 24.Rxe4 Qxd4 25.Nxd4 {#r} 1-0

[Event "Zt"]
[Site "masterchessopen.com Dubai (United Arab Emirates)"]
[Round "8"]
[White "Hassan Abdullah (UAE)"]
[Black "Al Sayed Mohamad N (QAT)"]
[Result "1-0"]
[WhiteElo "2346"]
[BlackElo "2454"]

1.d4 Nf6 2.Nf3 g6 3.c4 Bg7 4.g3 O-O 5.Bg2 d6 6.O-O Nbd7 7.Nc3 e5 8.e4 c6 9.h3
Qb6 10.c5 dxc5 11.dxe5 Ne8 12.Na4 Qb4 13.Bd2 Qxe4 14.Re1 Qc4 15.Bf1 Qe6 16.Ng5
Qe7 17.e6 fxe6 18.Nxe6 Ne5 19.Nxf8 Qxf8 20.Bf4 Nf7 21.Qb3 b6 22.Rad1 Nf6
23.Bd6 {#r} 1-0

[Event "It (open)"]
[Site "masterchessopen.com Imperia (Italy)"]
[Round "2"]
[White "Mozny Milos (CZE)"]
[Black "Raineri Valerio (ITA)"]
[Result "1-0"]
[WhiteElo "2376"]
[BlackElo "2182"]

1.d4 Nf6 2.Nf3 g6 3.c4 Bg7 4.g3 d6 5.Bg2 O-O 6.O-O Nbd7 7.Nc3 e5 8.e4 c6 9.h3
Qe7 10.Be3 Ne8 11.Qd2 Nc7 12.Ne1 f5 13.Nc2 Qf7 14.dxe5 dxe5 15.f4 Qxc4 16.exf5
gxf5 17.fxe5 Nxe5 18.Bh6 Qf7 19.Bxg7 Qxg7 20.Rae1 Be6 21.Nd4 Rad8 22.Nxe6 Nxe6
23.Qe3 Nd3 24.Qxe6+ Kh8 25.Re3 f4 26.Ref3 Rf6 27.Qe2 Rfd6 28.gxf4 Nxb2 29.Ne4
Qd4+ 30.R3f2 Re6 31.Qxb2 {#r} 1-0

[Event "Spartakiada Russia (juniors)"]
[Site "masterchessopen.com Kazan (Russia)"]
[Round "0"]
[White "Keosidi Konstantin (RUS)"]
[Black "Kulikov Evgeny (RUS)"]
[Result "0-1"]
[WhiteElo "2266"]
[BlackElo "2238"]

1.d4 Nf6 2.Nf3 d6 3.c4 Nbd7 4.Nc3 e5 5.g3 g6 6.Bg2 Bg7 7.O-O O-O 8.e4 c6 9.h3
a5 10.Be3 Qe7 11.Qc2 Nh5 12.Rad1 f5 13.exf5 gxf5 14.Bg5 Qf7 15.dxe5 dxe5 16.b3
Nc5 17.Be3 Ne6 18.Ng5 Nxg5 19.Bxg5 Be6 20.Rd6 e4 21.Rfd1 Be5 22.Rd8 Qg7
23.Rxa8 Rxa8 24.Bd2 e3 25.fxe3 Nxg3 26.Be1 Kh8 27.Bxg3 Qxg3 {#R} 0-1

[Event "It (open)"]
[Site "masterchessopen.com Lido Estensi (Italy)"]
[Round "1"]
[White "Blagojevic Dragisa (MNE)"]
[Black "Miatello Alberto (ITA)"]
[Result "1-0"]
[WhiteElo "2527"]
[BlackElo "2087"]

1.d4 Nf6 2.c4 g6 3.Nf3 Bg7 4.g3 O-O 5.Bg2 d6 6.O-O Nbd7 7.Nc3 e5 8.h3 c6 9.e4
Qb6 10.d5 Nc5 11.Qe2 cxd5 12.cxd5 Bd7 13.Be3 Rfc8 14.Rfc1 a5 15.Nd2 a4 16.Rab1
Qa5 17.Bf1 Rab8 18.b4 axb3 19.axb3 Qb4 20.Qc4 Na6 21.Qxb4 Nxb4 22.Nc4 Ne8
23.Nb6 Rc7 24.Nd1 Rd8 25.Rxc7 Nxc7 26.Rc1 Nca6 27.Nxd7 Rxd7 28.Rc8+ {#r} 1-0

[Event "Ch Portugal"]
[Site "masterchessopen.com Lisbon (Portugal)"]
[Round "4"]
[White "Dias Paulo (POR)"]
[Black "Damaso Rui (POR)"]
[Result "0-1"]
[WhiteElo "2291"]
[BlackElo "2455"]

1.d4 Nf6 2.Nf3 g6 3.g3 Bg7 4.Bg2 O-O 5.c4 d6 6.O-O c6 7.Nc3 Nbd7 8.e4 e5 9.h3
exd4 10.Nxd4 Re8 11.Re1 Qa5 12.Be3 Ne5 13.Bf1 Be6 14.Nxe6 Rxe6 15.f4 Nxe4
16.fxe5 Nxg3 17.Bg2 Bxe5 18.Bd4 Rae8 19.Bxe5 dxe5 20.Qf3 Nh5 21.Rab1 f5 22.b4
Qc7 23.Qf2 a6 24.Nd5 cxd5 25.Bxd5 Nf4 26.Bxe6+ Rxe6 27.Qc5 Qd8 {#R} 0-1

[Event "It (open)"]
[Site "masterchessopen.com Los Angeles (USA)"]
[Round "1"]
[White "Hough Randall D (USA)"]
[Black "Hermansen Ron (USA)"]
[Result "0-1"]
[WhiteElo "2103"]
[BlackElo "2233"]

1.d4 Nf6 2.c4 g6 3.g3 Bg7 4.Bg2 O-O 5.Nc3 d6 6.Nf3 c6 7.O-O Nbd7 8.h3 e5 9.e4
Qb6 10.Re1 Re8 11.d5 cxd5 12.cxd5 Nc5 13.Nd2 Nd3 14.Rf1 Nxc1 15.Rxc1 Bh6 16.b3
Bd7 17.Nc4 Qc7 18.f4 Nh5 19.Ne2 b5 20.Nd2 Qb6+ 21.Kh2 exf4 22.Nxf4 Nxg3 23.Rf3
Nxe4 {#R} 0-1

[Event "Ch Uruguay"]
[Site "masterchessopen.com Montevideo (Uruguay)"]
[Round "7"]
[White "Izquierdo Daniel (URU)"]
[Black "Lopez Falcon Jorge (URU)"]
[Result "1-0"]
[WhiteElo "2294"]
[BlackElo "2135"]

1.d4 Nf6 2.Nf3 g6 3.g3 Bg7 4.Bg2 O-O 5.O-O c6 6.c4 d6 7.Nc3 Nbd7 8.h3 e5 9.e4
a5 10.Be3 Re8 11.Qc2 exd4 12.Nxd4 Nc5 13.Rad1 a4 14.Nxc6 bxc6 15.Bxc5 Qa5
16.Bxd6 Be6 17.b3 axb3 18.axb3 Nd7 19.Ne2 c5 20.f4 Nb8 21.f5 Bc8 22.f6 Bh6
23.Bf4 g5 24.Bd2 Qc7 25.Qc1 Ra2 26.Kh2 Nc6 27.Nc3 Rxd2 28.Qxd2 Nd4 29.Nb5 Qb6
30.Nxd4 Rd8 31.Nf5 {#r} 1-0

[Event "Alpenpokal"]
[Site "masterchessopen.com Oberstdorf (Germany)"]
[Round "3"]
[White "Graf Joachim (GER)"]
[Black "Pragua Christoph (GER)"]
[Result "0-1"]
[WhiteElo "2145"]
[BlackElo "2126"]

1.d4 Nf6 2.Nf3 g6 3.c4 Bg7 4.Nc3 O-O 5.g3 d6 6.Bg2 Nbd7 7.O-O e5 8.e4 c6 9.h3
exd4 10.Nxd4 Re8 11.Be3 Nc5 12.Qc2 a5 13.Rad1 Qc7 14.Kh2 Bd7 15.f4 Rad8
16.Rfe1 Bc8 17.Bf2 h5 18.Nb3 Ne6 19.c5 Nxc5 20.Nxc5 dxc5 21.Bxc5 h4 22.e5
hxg3+ 23.Kh1 Bf5 24.Qb3 Nh5 25.Rxd8 Qxd8 26.Qxb7 Qh4 27.Qxc6 Rc8 28.Qd5 Nxf4
{#R} 0-1